000 00637nam a2200229Ia 4500
003 OSt
005 20220923230135.0
006 a|||||r|||| 00| 0
007 ta
008 Pun
024 _a277,731
037 _cTextual
040 _aARTS
_cARTS
_bPun
041 _2Pun
_aPun
082 _aO153,3NDI,JP, K5
100 _aਦਿਲਜਰ, ਹਰੀ ਸਿੰਘ
245 0 _aਜਿਸ ਪਿਆਰੇ ਸਿਉ੍ਵ ਨੇਹੁੰ
260 _c1965
650 _aਪੰਜਾਬੀ ਸਾਹਿਤ
942 _hO153,3NDI,JP, K5
_cTEXL
_2CC
999 _c382783
_d382783